L'universalité de la raison comme soubassement de la technique des "autorités" et de la technique des divisions dans la pensée médiévale (Record no. 850943)
[ view plain ]
| 000 -CABECERA | |
|---|---|
| Campo de control de longitud fija | 00669nab a2200157 4500 |
| 003 - IDENTIFICADOR DEL NÚMERO DE CONTROL | |
| Campo de control | ES-SlBCS |
| 005 - FECHA Y HORA DE LA ÚLTIMA TRANSACCIÓN | |
| Campo de control | 20230309165136.0 |
| 008 - CÓDIGOS DE INFORMACIÓN DE LONGITUD FIJA | |
| Campo de control de longitud fija | 150218s2013 it ||||| |||| 00| 0 fre d |
| 040 ## - FUENTE DE LA CATALOGACIÓN | |
| Centro catalogador del origen | ES-SlBCS |
| Lengua de catalogación | spa |
| 100 1# - PUNTO DE ACCESO PRINCIPAL-NOMBRE DE PERSONA | |
| Nombre de persona | Ribeiro do Nascimento, Carlos Arthur |
| 9 (RLIN) | 205532 |
| 245 12 - MENCIÓN DE TÍTULO | |
| Título | L'universalité de la raison comme soubassement de la technique des "autorités" et de la technique des divisions dans la pensée médiévale |
| Mención de responsabilidad, etc. | Carlos Arthur Ribeiro do Nascimento |
| 600 00 - PUNTO DE ACCESO ADICIONAL DE MATERIA-NOMBRE DE PERSONA | |
| Nombre personal | Tomás de Aquino, |
| Títulos y otras palabras asociadas con el nombre | Santo, |
| Fechas asociadas con el nombre | (1225-1274) |
| Subdivisión general | Crítica e interpretación |
| 9 (RLIN) | 1478 |
| 650 04 - PUNTO DE ACCESO ADICIONAL DE MATERIA-TÉRMINO DE MATERIA | |
| Término de materia o nombre geográfico como elemento inicial | Razón |
| 9 (RLIN) | 85904 |
| 773 0# - ENLACE AL DOCUMENTO FUENTE | |
| Parte(s) relacionada(s) | Nº 51, 2013, págs. 93-98 |
| Título | Schede Medievali |
| Número de control del registro relacionado | Rev415 |
| Número Internacional Normalizado para Publicaciones Seriadas (ISSN) | 0392-5404 |
| 942 ## - ENTRADA DE ELEMENTOS AGREGADOS (KOHA) | |
| Fuente de clasificaión o esquema | |
| Koha [por defecto] tipo de item | Artículos de revista |
| Suprimido | Perdido | Fuente de clasificación o esquema | Estropeado | No para préstamo | Localización permanente | Localización actual | Localización en estantería | Fecha adquisición | Préstamos totales | Fecha última consulta | Fecha del precio de reemplazo | Tipo de item de Koha |
|---|---|---|---|---|---|---|---|---|---|---|---|---|
| San Esteban | San Esteban | Depósito de revistas | 18/02/2015 | 18/02/2015 | 18/02/2015 | Artículos de revista |
